Les 100 noms de familles les plus courant au Québec - Statistiques

Statistiques générales
  • Ce quiz a été pris 907 fois
  • Le résultat moyen est 25 sur 100
Statistiques - réponses
Hint Réponse % Correct
1 Tremblay
83%
2 Gagnon
62%
3 Roy
56%
4 Côté
54%
10 Gagné
48%
5 Bouchard
46%
34 Martin
46%
6 Gauthier
41%
7 Morin
41%
61 Dion
40%
41 Richard
39%
99 Jean
38%
8 Lavoie
38%
16 Leblanc
38%
13 Bélanger
37%
20 Boucher
37%
9 Fortin
37%
12 Pelletier
37%
23 Cloutier
36%
19 Simard
35%
15 Bergeron
32%
72 Dubois
32%
18 Girard
31%
27 Lapointe
31%
21 Caron
29%
17 Paquette
29%
22 Beaulieu
28%
25 Poirier
28%
86 Robert
28%
24 Dubé
27%
32 St-Pierre
27%
75 Fortier
26%
26 Fournier
26%
57 Lemieux
26%
11 Ouellet
26%
51 Savard
26%
81 Villeneuve
26%
28 Leclerc
25%
29 Lefebvre
25%
69 Plante
25%
36 Martel
24%
59 Perron
24%
52 Proulx
24%
46 Turcotte
24%
44 Desjardins
23%
35 Landry
23%
62 Mercier
23%
33 Nadeau
23%
30 Poulin
23%
85 Lemay
22%
82 Rousseau
22%
37 Bédard
21%
40 Bernier
21%
49 Blais
21%
58 Cyr
21%
90 Guay
21%
42 Michaud
21%
73 Champagne
20%
60 Dufour
20%
89 Giroux
20%
79 Hamel
20%
43 Hébert
20%
95 Raymond
20%
45 Couture
19%
38 Grenier
19%
39 Lessard
19%
48 Parent
19%
53 Beaudoin
18%
65 Boisvert
18%
77 Dupuis
18%
47 Lachance
18%
68 Therrien
18%
87 Allard
17%
98 Audet
17%
56 Boudreau
17%
80 Houde
17%
67 Ménard
17%
54 Demers
16%
97 Gilbert
16%
83 Gravel
16%
55 Perreault
16%
70 Bilodeau
15%
92 Boivin
15%
50 Gosselin
15%
74 Paradis
15%
63 Bolduc
14%
93 Charbonneau
14%
78 Gaudreault
14%
94 Lambert
14%
31 Thibeault
14%
71 Blanchette
13%
66 Langlois
13%
100 Larouche
13%
96 Vachon
13%
91 Leduc
12%
88 Deschênes
11%
14 Lesveques
6%
76 Arsennault
5%
64 Bérrubé
5%
84 Therriault
4%
Aucun quiz correspondant
Distribution des résultats
% des personnes avec chaque résultat
Percentile par nombre de réponses
Votre historique - résultats
Vous n’avez pas pris ce quiz